000 01142nam a2200217Ia 4500
999 _c36610
_d36610
001 2530
003 GE_BSU
005 20230901121321.0
008 181216s1997||||enk|||||||||||||| ||eng||
040 _cGE_BSU
041 _aeng
080 _a811.111(038)+811.353.1(038) ი–54
245 _a ინგლისურ-ქართული ლექსიკონი = English-Georgian dictionary. რვეული 6 :
_b F /
_c[მთ. რედ.: არიანე ჭანტურია, თინათინ მარგალიტაძე ; შემდგ.: ნ. მამაცაშვილი, ხ. გურიელი, მ. მეტრეველი და სხვ.].
264 _aთბილისი,
_c1997.
300 _a170 გვ.;
_b28სმ.
653 _aინგლისურ–ქართული ლექსიკონი
700 _aჭანტურია, არიანე
_eრედაქტორი
_95156
700 _aმამაცაშვილი, ნ.
_eშემდგენელი
_91620
710 _aთბილისის უნ-ტი
_919744
942 _cBK
_2udc